1733 1999 1229 1556 1929 1866 1239 1416 1550 1507 1798 1838 1894 1535 1816 1541 1153 1254 1370 1965 1964 1319 1737 1168 1714 1438 1709 1341 1292 1835 1820 1656 1914 1356 1720 1583 1150 1886 1638 1174 1729 1864 1888 1040 1081 1287 1250 1875 1853 1447 1551 1255 1932 1590 1195 1921 1377 1361 1989 1444 1277 1972 1674 1691 1075 1098 1168 1328 1495 1669 1682 1613 1374 1323 1376 1433 1499 1181 1249 1699 1009 1952 1150 1278 1197 1334 1538 1938 1922 1275 1028 1953 1112 1700 1004 1688 1195 1192 1919 BCNSPRNW ULIB Ver.6.0+V

เปลี่ยนเป็นภาษาไทย

Change to English
 แสดงรายละเอียดบรรณานุกรม
  กลับหน้าหลัก

Brief Record : Get Marc (ISO 2709) : E-mail record : QR code < ปิดหน้าต่าง
LEADER : 00000nas 2200000uu 4500
001    13399114050
003     ULIB
008    020711s|||| th a 000 0 tha d
110    ^aโรงพยาบาลชัยนาทนเรนทร
245    ^aวารสารโรงพยาบาลชัยนาทนเรนทร
260    ^aชัยนาท :^bโรงพยาบาลชัยนาทนเรนทร,^cม.ป.ป.
310    ^aราย 6 เดือน
850 ^a ULIB:campus^bฉบับที่ 30 ปีที่ 14
850 ^a ULIB^bฉบับที่ 31 ปีที่ 14 ;ฉบับที่ 33 ปีที่ 15
945    ^p0^l0^i800040
945    ^p0^l0^i900747
945    ^p0^l0^i901939
รายการนี้ยังไม่มีแท็ก
คุณยังไม่ได้ล็อกอิน คุณสามารถมีกิจกรรมร่วมกับเว็บไซต์ได้ แต่ต้องล็อกอินก่อน ::
  ล็อกอิน

รายการสื่อสารสนเทศ (วารสาร)

ดูแบบ: กล่อง รายการ
ARRIVED
ฉบับที่ 30 ปีที่ 14
สถานที่: ห้องสมุดวิทยาเขตสวรรค์ประชารักษ์ >วารสาร
ARRIVED
ฉบับที่ 31 ปีที่ 14
สถานที่: ห้องสมุดวิทยาเขตสวรรค์ประชารักษ์ >หนังสือทั่วไป
ARRIVED
ฉบับที่ 33 ปีที่ 15
สถานที่: ห้องสมุดวิทยาเขตสวรรค์ประชารักษ์ >วารสาร
รายการใกล้เคียง
    ชื่อเรื่อง [วารสารโรงพยาบาลชัยนาทนเรนทร]

    ผู้แต่ง []

BibComment


ยังไม่เคยถูกคอมเมนท์

คอมเมนท์ทรัพยากรรายการนี้
  คอมเมนท์: วารสารโรงพยาบาลช..


 Copyright 2026. Bcnsprnw @Library